MARC details
| 000 -LEADER |
| fixed length control field |
03215nam a2200313 i 4500 |
| 003 - CONTROL NUMBER IDENTIFIER |
| control field |
CSPC |
| 005 - DATE AND TIME OF LATEST TRANSACTION |
| control field |
20260408140150.0 |
| 008 - FIXED-LENGTH DATA ELEMENTS--GENERAL INFORMATION |
| fixed length control field |
260407s2024 ii b 001 0 eng d |
| 020 ## - INTERNATIONAL STANDARD BOOK NUMBER |
| International Standard Book Number |
9788119920358 |
| 040 ## - CATALOGING SOURCE |
| Original cataloging agency |
CSPC |
| Language of cataloging |
eng |
| Transcribing agency |
CSPC |
| Description conventions |
rda |
| 050 00 - LIBRARY OF CONGRESS CALL NUMBER |
| Classification number |
GE170 |
| Item number |
.B385 2024 |
| 082 00 - DEWEY DECIMAL CLASSIFICATION NUMBER |
| Classification number |
363.7056 |
| Item number |
B329g |
| Edition number |
23 |
| 100 1# - MAIN ENTRY--PERSONAL NAME |
| Personal name |
Bavin, Piper, |
| Relator term |
author. |
| 245 10 - TITLE STATEMENT |
| Title |
Global environmental politics / |
| Statement of responsibility, etc. |
Piper Bavin. |
| 250 ## - EDITION STATEMENT |
| Edition statement |
First edition. |
| 264 #1 - PRODUCTION, PUBLICATION, DISTRIBUTION, MANUFACTURE, AND COPYRIGHT NOTICE |
| Place of production, publication, distribution, manufacture |
New Delhi, India : |
| Name of producer, publisher, distributor, manufacturer |
Venus Books, |
| Date of production, publication, distribution, manufacture, or copyright notice |
2024. |
| 300 ## - PHYSICAL DESCRIPTION |
| Extent |
x, 292 pages ; |
| Dimensions |
24 cm. |
| 336 ## - CONTENT TYPE |
| Source |
rdacontent |
| Content type term |
text |
| 337 ## - MEDIA TYPE |
| Source |
rdamedia |
| Media type term |
unmediated |
| 338 ## - CARRIER TYPE |
| Source |
rdacarrier |
| Carrier type term |
volume |
| 504 ## - BIBLIOGRAPHY, ETC. NOTE |
| Bibliography, etc. note |
Includes bibliographical references and index. |
| 505 0# - FORMATTED CONTENTS NOTE |
| Formatted contents note |
Introduction -- Emergence of global environmental politics -- Environmental politics and sustainable politics -- Corporate war in environmental politics -- Climate change and concerns -- The future of global environmental politics. |
| 520 ## - SUMMARY, ETC. |
| Summary, etc. |
"In political theory, deliberative democracy has been discussed as a political model more compatible with environmental goals. Deliberative democracy is a system in which informed political equals weigh values, information, and expertise, and debate priorities to make decisions, as opposed to a democracy based on interest aggregation. New materialism is a strain of thought in philosophy and the social sciences that conceives of all material as having life or agency. It criticizes frameworks of justice that center on human attributes like consciousness as insufficient for modern ethical problems that concern the natural environment. It isa post-humanist consideration of all matter that rejects arguments of utility that privilege humans. This politically relevant social theory combats inequality beyond the interpersonal plane. Brazil, Russia, India, and China (known as the “BRIC” nations) are rapidly industrializing, and are increasingly responsible for global carbon emissions and the associated climate change. Other forms of environmental degradation have also accompanied the economic growth in these nations. Environmental degradation tends to motivate action more than the threat of global warming does, since air and water pollution cause immediate health problems, and because pollutants can damage natural resources, hampering economic potential. With rising incomes, environmental degradation tends to decrease in industrializing nations, as depicted in the Environmental Kuznets Curve. Citizens demand better air and water quality, and technology becomes more efficient and clean when incomes increase. This book is vital reading for students of environmental politics and anyone wishing to understand the current state of the field and to make informed decisions about which policies will best safeguard our environment for the future"-- Back cover. |
| 650 #0 - SUBJECT ADDED ENTRY--TOPICAL TERM |
| Topical term or geographic name entry element |
Environmental policy. |
| 650 #7 - SUBJECT ADDED ENTRY--TOPICAL TERM |
| Topical term or geographic name entry element |
POLITICAL SCIENCE / Public Policy / Environmental Policy. |
| Source of heading or term |
bisacsh |
| 650 #7 - SUBJECT ADDED ENTRY--TOPICAL TERM |
| Topical term or geographic name entry element |
NATURE / Environmental Conservation & Protection. |
| Source of heading or term |
bisacsh |
| 942 ## - ADDED ENTRY ELEMENTS (KOHA) |
| Source of classification or shelving scheme |
Dewey Decimal Classification |
| Suppress in OPAC |
No |
| Koha item type |
Books |
| Classification part |
363.7056 |
| Item part |
B329g |
| Call number prefix |
GRD |
| Call number suffix |
2024 |
| Edition |
23 |